De la torre y los frigoríficos /
Guardado en:
| Autor Principal: | |
|---|---|
| Formato: | Libro |
| Publicado: |
Buenos Aires :
Centro Editor de América Latina,
1970
|
| Series: | La historia popular. Vida y milagros de nuestro pueblo
|
| Materias: | |
| Etiquetas: |
Agregar Etiqueta
Sin Etiquetas, Sea el primero en etiquetar este registro!
|
| LEADER | 00585nam a22001815a 4500 | ||
|---|---|---|---|
| 001 | CEM.cems005994 | ||
| 005 | 20081204112125.0 | ||
| 008 | 130507s1970##################000#0#####d | ||
| 003 | CEMS | ||
| 082 | 0 | 4 | |a 982.06 |
| 100 | 1 | |a Silberstein, Enrique | |
| 245 | 1 | 0 | |a De la torre y los frigoríficos / |c Enrique Silberstein |
| 260 | |a Buenos Aires : |b Centro Editor de América Latina, |c 1970 | ||
| 300 | |a 117 p. | ||
| 490 | 0 | |a La historia popular. Vida y milagros de nuestro pueblo | |
| 653 | |a Historia | ||
| 653 | |a Historia argentina | ||
| 859 | |a CEMS |b BIB. CEMS - 11 de abril |h 982.06 |i Si32 |p 16705.92 |t Ej.1 | ||
